000 00409nam a2200145Ia 4500
008 230312s9999||||xx |||||||||||||| ||und||
082 _a297
_bZAF-I
100 _aDr.M Zaffar Iqbal
245 0 _aاسلام مین انتظامی امور کے اصول و ضوابط
260 _bSuperior University
_aPakistan
_c2012
300 _a135
546 _aUrdu
650 _aLiterature
_vIslamic Thought
942 _cBK
999 _c8340
_d8340